Revival in Romans. (Record no. 5702)

000 -LEADER
fixed length control field 00583nam a2200181 a 4500
001 - CONTROL NUMBER
control field :::00003444$&:&@@
003 - CONTROL NUMBER IDENTIFIER
control field OkBaRHE
005 - DATE AND TIME OF LATEST TRANSACTION
control field 20000607103305.0
008 - FIXED-LENGTH DATA ELEMENTS--GENERAL INFORMATION
fixed length control field s1962 j 000 0 eng u
040 ## - CATALOGING SOURCE
Transcribing agency
100 1# - MAIN ENTRY--PERSONAL NAME
Personal name Price, Walter K.
245 10 - TITLE STATEMENT
Title Revival in Romans.
260 ## - PUBLICATION, DISTRIBUTION, ETC. (IMPRINT)
Place of publication, distribution, etc Grand Rapids, MI., :
Name of publisher, distributor, etc Zondervan Publishing House
Date of publication, distribution, etc c1962
300 ## - PHYSICAL DESCRIPTION
Extent 160 p. ;
Dimensions 20 cm.
650 ## - SUBJECT ADDED ENTRY--TOPICAL TERM
Topical term or geographic name as entry element Bible New Testament Romans
General subdivision Criticism, Interpretation, etc.
942 ## - ADDED ENTRY ELEMENTS (KOHA)
Source of classification or shelving scheme
Koha item type Books
Copies
Source of classification or shelving scheme Lost status Copy number Withdrawn status Shelving location Date acquired Koha item type Permanent Location Not for loan Barcode Damaged status Full call number Price effective from Date last seen
  1 General Stacks2010-04-14BooksRHEMA Bible Training College 3444 BS 2665 .P68R42010-04-142018-03-28